[Event "SR 1. liga zapad 2011/2012"]
[Site "?"]
[Date "2011.12.10"]
[Round "5.6"]
[White "Zetocha, Claudiu"]
[Black "Castiglione, Mario"]
[Result "1-0"]
[WhiteElo "2355"]
[BlackElo "2282"]
[PlyCount "77"]
[EventDate "2011.??.??"]

1. e4 e5 2. Nf3 Nc6 3. Bb5 a6 4. Ba4 Nf6 5. d3 d6 6. c3 Bd7 7. O-O h6 8. Re1 g6
9. d4 Bg7 10. dxe5 Nxe5 11. Bc2 Nxf3+ 12. Qxf3 O-O 13. Bf4 Bc6 14. Nd2 Nh5 15.
Be3 Qh4 16. g3 Qh3 17. Bd3 Rae8 18. Bd4 Qd7 19. g4 Bxd4 20. cxd4 Ng7 21. d5 Bb5
22. Bc2 Qc8 23. Kh1 Re5 24. Qg3 Rg5 25. h3 f5 26. exf5 gxf5 27. Nf3 Rg6 28. Nh4
f4 29. Qf3 Rg5 30. Qe4 Rf6 31. Qh7+ Kf7 32. Nf5 Rgxf5 33. Bxf5 Qf8 34. a4 Bc4
35. Be6+ Ke7 36. Rac1 b5 37. b3 Kd8 38. bxc4 h5 39. g5 1-0

[Event "SR 1. liga zapad 2011/2012"]
[Site "?"]
[Date "2011.12.11"]
[Round "6.1"]
[White "Beres, Lukas"]
[Black "Reisel, Frantisek"]
[Result "1-0"]
[WhiteElo "1902"]
[BlackElo "2085"]
[PlyCount "143"]
[EventDate "2011.??.??"]

1. e4 d6 2. d4 c6 3. Nf3 Qc7 4. c4 Bg4 5. Be2 Nf6 6. Nc3 Nbd7 7. O-O e5 8. d5
Be7 9. Re1 O-O 10. h3 Bh5 11. Nh2 Bg6 12. Bd3 cxd5 13. cxd5 a6 14. Nf1 b5 15.
a3 Nc5 16. Bc2 Rfc8 17. f4 exf4 18. Bxf4 Nfd7 19. Ng3 Bf6 20. Nge2 Ne5 21. Bxe5
Bxe5 22. Rc1 Qe7 23. Qd2 Qh4 24. Qe3 Re8 25. Qf3 Rac8 26. g4 Rc7 27. Kg2 Qg5
28. Rcd1 Nd7 29. Rh1 h5 30. h4 hxg4 31. hxg5 gxf3+ 32. Kxf3 Bxc3 33. bxc3 Ne5+
34. Kf4 Nc4 35. a4 bxa4 36. Rd4 a3 37. Bb3 Nb2 38. Ra1 Bh5 39. Rxa3 Bxe2 40.
Ra2 Nd3+ 41. Ke3 Nc1 42. Ba4 Bb5 43. Bxb5 axb5 44. Ra3 Rc4 45. Rxc4 bxc4 46.
Ra6 Nb3 47. Rxd6 Nc5 48. e5 Rxe5+ 49. Kd4 Nd3 50. Kxc4 Nf4 51. Kc5 Rxg5 52.
Rd8+ Kh7 53. Kc6 Rg6+ 54. d6 Ne6 55. Re8 Rg3 56. c4 Rg4 57. Kb5 Rd4 58. Re7
Rxd6 59. Rxf7 Rd1 60. Rf2 Rb1+ 61. Kc6 Rc1 62. Kd5 Nc7+ 63. Kd4 Ne6+ 64. Kd5
Nc7+ 65. Kd4 Rd1+ 66. Ke5 Ne8 67. c5 Kg6 68. Rc2 Kf7 69. c6 Nc7 70. Rf2+ Ke7
71. Rg2 Rd6 72. Rxg7+ 1-0

[Event "SR 1. liga zapad 2011/2012"]
[Site "?"]
[Date "2011.12.11"]
[Round "6.1"]
[White "Detko, Jan"]
[Black "Novotny, Michal"]
[Result "1-0"]
[WhiteElo "2130"]
[BlackElo "1964"]
[PlyCount "77"]
[EventDate "2011.??.??"]

1. e4 e5 2. Nc3 Nc6 3. f4 d6 4. Bb5 Bd7 5. d3 Nf6 6. Nf3 exf4 7. Bxf4 Ne7 8.
Bg5 Bxb5 9. Nxb5 Qd7 10. c4 a6 11. Nc3 h6 12. Bxf6 gxf6 13. O-O Rg8 14. Nd4
O-O-O 15. b4 c5 16. Nf5 cxb4 17. Nxe7+ Qxe7 18. Nd5 Qe5 19. Rb1 Rg5 20. Rxb4
Qd4+ 21. Kh1 Rxd5 22. exd5 Re8 23. Rb1 Bg7 24. Re1 Re5 25. Rxe5 fxe5 26. Qf3
Qf4 27. Qxf4 exf4 28. Rf1 Kd7 29. Rxf4 Ke7 30. Re4+ Kd7 31. g4 Bc3 32. Kg2 b5
33. cxb5 axb5 34. Kf3 Bd2 35. Ke2 Bc3 36. Kd1 Kd8 37. Kc2 Ba5 38. Re3 Bb4 39.
Rh3 1-0

[Event "SR 1. liga zapad 2011/2012"]
[Site "?"]
[Date "2011.12.11"]
[Round "6.1"]
[White "Gazik, Igor"]
[Black "Kalisky, Vladimir"]
[Result "0-1"]
[WhiteElo "2328"]
[BlackElo "2234"]
[PlyCount "58"]
[EventDate "2011.??.??"]

1. e4 c5 2. Nc3 g6 3. d4 cxd4 4. Qxd4 Nf6 5. e5 Nc6 6. Qf4 Nh5 7. Qe4 f5 8. Qe2
Bg7 9. f4 d6 10. Nf3 a6 11. Bd2 dxe5 12. fxe5 Nd4 13. Qd3 Nxf3+ 14. Qxf3 Qc7
15. O-O-O Be6 16. g3 Rc8 17. Bg2 b5 18. Qb7 Kf7 19. Qxc7 Rxc7 20. Nd5 Bxd5 21.
Bxd5+ e6 22. Ba5 Re7 23. Bb3 Ra8 24. Bb4 Ree8 25. Rd7+ Kg8 26. Bd6 Bh6+ 27. Kb1
Be3 28. Be7 Ra7 29. Rhd1 Rxe7 0-1

[Event "SR 1. liga zapad 2011/2012"]
[Site "?"]
[Date "2011.12.11"]
[Round "6.1"]
[White "Kaniansky, Miroslav"]
[Black "Fabian, Jaroslav"]
[Result "1-0"]
[WhiteElo "2199"]
[BlackElo "2192"]
[PlyCount "97"]
[EventDate "2011.??.??"]

1. d4 Nf6 2. Nf3 g6 3. c4 Bg7 4. Nc3 d5 5. cxd5 Nxd5 6. e4 Nxc3 7. bxc3 O-O 8.
Be3 c5 9. Qd2 cxd4 10. cxd4 Nc6 11. Be2 Bg4 12. Rd1 Qa5 13. O-O Qxd2 14. Rxd2
Rfc8 15. Rb1 Na5 16. h3 Bxf3 17. gxf3 a6 18. Rb6 Rc1+ 19. Kg2 Rac8 20. Bd3 e6
21. d5 exd5 22. exd5 Rd8 23. d6 Be5 24. Be2 Nc4 25. Bxc4 Rxc4 26. Rxb7 Rxd6 27.
Rxd6 Bxd6 28. Rb6 Bf4 29. Rxa6 Bxe3 30. fxe3 Rc3 31. e4 Kg7 32. Kg3 Rc2 33. a4
Ra2 34. h4 Ra3 35. Ra7 Kg8 36. e5 h5 37. Kf4 Kf8 38. Kg3 Kg8 39. Ra8+ Kg7 40.
Kf4 Rb3 41. Ra7 Kf8 42. a5 Ra3 43. a6 Kg8 44. Kg5 Kf8 45. Kh6 Ra4 46. Ra8+ Ke7
47. a7 Ra6 48. f4 Ra4 49. Kg7 1-0

[Event "SR 1. liga zapad 2011/2012"]
[Site "?"]
[Date "2011.12.11"]
[Round "6.1"]
[White "Lakatos, Vladimir"]
[Black "Beres, Dominik"]
[Result "1/2-1/2"]
[WhiteElo "2176"]
[BlackElo "2107"]
[PlyCount "127"]
[EventDate "2011.??.??"]

1. c4 Nf6 2. Nc3 g6 3. g3 Bg7 4. Bg2 O-O 5. d4 d6 6. e3 c6 7. Nge2 Qc7 8. O-O
e5 9. b3 Nbd7 10. Ba3 Re8 11. Rc1 Nf8 12. Qd3 Bg4 13. h3 Bd7 14. e4 Nh5 15. g4
exd4 16. gxh5 dxc3 17. Bxd6 Qc8 18. Rfd1 Be6 19. hxg6 Nxg6 20. f4 f5 21. e5 Bh6
22. Qe3 Kh8 23. Rxc3 Rg8 24. Qf2 Qd8 25. Rg3 Rg7 26. Kh2 Qh4 27. Rf1 Rag8 28.
Bb4 Qd8 29. Be1 a6 30. Bh1 Rd7 31. Rf3 Rd3 32. Rg1 Rd1 33. Bc3 Rg7 34. Rxd1
Qxd1 35. Qe1 Qd8 36. Bb4 b5 37. cxb5 axb5 38. Qd2 Qh4 39. Rf1 Nxf4 40. Rxf4
Bxf4+ 41. Qxf4 Rg4 42. Be7 Rxf4 43. Bxh4 Rxh4 44. Kg3 Rh6 45. Bxc6 Bxb3 46.
Bxb5 Bxa2 47. Bd7 Be6 48. Bxe6 Rxe6 49. Kf4 Rh6 50. Kxf5 Rxh3 51. Nd4 Kg7 52.
Ne6+ Kg8 53. Nf4 Rf3 54. e6 Kf8 55. Kg4 Rf1 56. Nd5 Rd1 57. Nf6 Ke7 58. Nxh7
Kxe6 59. Ng5+ Kf6 60. Ne4+ Kg6 61. Kf4 Rd8 62. Ke5 Ra8 63. Kf4 Ra5 64. Ng3
1/2-1/2

[Event "SR 1. liga zapad 2011/2012"]
[Site "?"]
[Date "2011.12.11"]
[Round "6.1"]
[White "Siroky, Jan"]
[Black "Hanko, Pavol"]
[Result "1/2-1/2"]
[WhiteElo "2166"]
[BlackElo "2138"]
[PlyCount "43"]
[EventDate "2011.??.??"]

1. e4 c5 2. Nf3 e6 3. g3 Nc6 4. Bg2 g6 5. O-O Bg7 6. c3 Nge7 7. d3 d5 8. Qc2 b5
9. Nbd2 O-O 10. Rd1 b4 11. Nb3 Qb6 12. Be3 d4 13. cxd4 cxd4 14. Bd2 Ba6 15. Nc5
Rfc8 16. Nxa6 Qxa6 17. Qb3 Rab8 18. Bf4 e5 19. Bg5 Qb5 20. Bxe7 Nxe7 21. Ng5
Rf8 22. f4 1/2-1/2

[Event "SR 1. liga zapad 2011/2012"]
[Site "?"]
[Date "2011.12.11"]
[Round "6.1"]
[White "Zahorsky, Robert"]
[Black "Gazik, Viktor"]
[Result "0-1"]
[WhiteElo "1996"]
[BlackElo "1977"]
[PlyCount "162"]
[EventDate "2011.??.??"]

1. d4 Nf6 2. c4 g6 3. f3 Bg7 4. e4 d6 5. Nc3 O-O 6. Be3 e5 7. Nge2 c6 8. Qd2
Nbd7 9. h4 h5 10. O-O-O a6 11. Kb1 b5 12. Nc1 Rb8 13. dxe5 dxe5 14. Nb3 Qe7 15.
Qd6 Qxd6 16. Rxd6 Bb7 17. Be2 Rfc8 18. c5 Bf8 19. Rd2 Rd8 20. Rhd1 Be7 21. a3
Nf8 22. Na5 Ba8 23. b4 Ne6 24. g3 Ne8 25. Rd7 Rxd7 26. Rxd7 Bd8 27. Nb3 Rb7 28.
Rd1 Rb8 29. Bd3 Bc7 30. Bc2 Rd8 31. g4 Rxd1+ 32. Nxd1 Bd8 33. Bf2 Nf4 34. Ne3
Ng7 35. Nd2 Bb7 36. a4 Bc8 37. axb5 axb5 38. Bg3 Kf8 39. Kb2 g5 40. hxg5 Bxg5
41. gxh5 Ngxh5 42. Be1 Bh3 43. Nef1 Ke7 44. Ng3 Nxg3 45. Bxg3 Ne2 46. Be1 Nd4
47. Bd1 Bg2 48. Kc3 Bxd2+ 49. Kxd2 Bxf3 50. Bg3 Bxd1 51. Kxd1 Ke6 52. Kd2 Kf6
53. Kd3 Ne6 54. Ke3 Nc7 55. Kf3 Na6 56. Be1 Kg5 57. Bd2+ Kh4 58. Be1+ Kh5 59.
Bd2 Nc7 60. Bc3 f6 61. Be1 Ne6 62. Ke3 Kg4 63. Bc3 Nf4 64. Bd2 Kg3 65. Be1+ Kg4
66. Bd2 Ne6 67. Bc3 Ng5 68. Bd2 Nf3 69. Bc3 Kg3 70. Ke2 Kf4 71. Kd3 Ng5 72.
Bd2+ Kf3 73. Be1 Nxe4 74. Bh4 f5 75. Be7 Ng3 76. Bd6 e4+ 77. Kd2 e3+ 78. Ke1
Ne4 79. Kf1 e2+ 80. Ke1 Nf2 81. Kd2 Nd3 0-1

[Event "SR 1. liga zapad 2011/2012"]
[Site "?"]
[Date "2011.12.11"]
[Round "6.2"]
[White "Gorusa, Miroslav"]
[Black "Borosova, Zuzana"]
[Result "0-1"]
[WhiteElo "2213"]
[BlackElo "2284"]
[PlyCount "64"]
[EventDate "2011.??.??"]

1. d4 c5 2. d5 Nf6 3. c4 b5 4. cxb5 a6 5. b6 d6 6. Nc3 Qxb6 7. e4 g6 8. Be2 Bg7
9. Nf3 Bg4 10. Nd2 Bxe2 11. Qxe2 Nbd7 12. a4 O-O 13. O-O Qc7 14. a5 Ne8 15. Nc4
Qb7 16. Bg5 f6 17. Bd2 Nc7 18. Na4 Nb5 19. Nab6 Nd4 20. Qd3 Rae8 21. Bc3 f5 22.
f3 Ne5 23. Nxe5 Bxe5 24. g4 fxe4 25. fxe4 e6 26. Rxf8+ Rxf8 27. Rf1 exd5 28.
exd5 Qe7 29. Nc4 Bxh2+ 30. Kxh2 Qh4+ 31. Kg2 Qxg4+ 32. Kh1 Nf3 0-1

[Event "SR 1. liga zapad 2011/2012"]
[Site "?"]
[Date "2011.12.11"]
[Round "6.2"]
[White "Hagara, Eduard"]
[Black "Bagi, Mate"]
[Result "1-0"]
[WhiteElo "2388"]
[BlackElo "2309"]
[PlyCount "133"]
[EventDate "2011.??.??"]

1. d4 Nf6 2. Nf3 g6 3. c4 Bg7 4. Nc3 d5 5. e3 O-O 6. Qb3 e6 7. Bd2 dxc4 8. Bxc4
Nc6 9. O-O Na5 10. Qb4 b6 11. Be2 Bb7 12. Rfd1 Nd5 13. Qa4 Nc6 14. Rac1 Nce7
15. b4 a6 16. a3 Nxc3 17. Bxc3 Nf5 18. Be1 Nd6 19. Ne5 Qg5 20. Nc6 b5 21. Qc2
Nc4 22. f4 Qf6 23. Bxc4 Bxc6 24. Bd3 Bd5 25. Qxc7 g5 26. Bg3 Bh6 27. Rf1 gxf4
28. Bxf4 Qg7 29. Rf2 Bxf4 30. Qxf4 Rac8 31. Rc5 Rxc5 32. bxc5 f5 33. h3 h6 34.
Qd6 Qg5 35. Qe5 Qg7 36. Qd6 Qg5 37. e4 Rd8 38. Qf4 Qxf4 39. Rxf4 Bxe4 40. Bxe4
fxe4 41. Rxe4 Kf7 42. Kf2 a5 43. Ke3 Rg8 44. g4 h5 45. Kd3 hxg4 46. Rxg4 Rh8
47. h4 Kf6 48. Ke4 Rh5 49. Ke3 Rh8 50. Kd3 Kf7 51. Kc3 Kf6 52. Re4 Rh7 53. a4
bxa4 54. Kc4 a3 55. Kb3 Rd7 56. Rf4+ Ke7 57. Kxa3 e5 58. dxe5 Rd5 59. Rc4 Rxe5
60. Ka4 Kd7 61. Kb5 Rh5 62. Kb6 Rh6+ 63. c6+ Kc8 64. Rg4 Rh8 65. h5 Kd8 66.
Rd4+ Kc8 67. Rd5 1-0

[Event "SR 1. liga zapad 2011/2012"]
[Site "?"]
[Date "2011.12.11"]
[Round "6.2"]
[White "Jancovic, Peter"]
[Black "Baranek, Jozef"]
[Result "1-0"]
[WhiteElo "2149"]
[BlackElo "2152"]
[PlyCount "175"]
[EventDate "2011.??.??"]

1. d4 Nf6 2. c4 c6 3. Nc3 d5 4. Nf3 e6 5. e3 Be7 6. Qc2 O-O 7. b3 Na6 8. a3 b6
9. Bd3 Bb7 10. O-O dxc4 11. Bxc4 c5 12. Rd1 Qc8 13. Qe2 Nc7 14. Bb2 cxd4 15.
Nxd4 e5 16. Nf3 Qg4 17. e4 Rad8 18. Nxe5 Qxe2 19. Nxe2 b5 20. Bxf7+ Rxf7 21.
Rxd8+ Bxd8 22. Nxf7 Kxf7 23. Rd1 Ke8 24. Ng3 Bc8 25. f3 Be7 26. Rc1 Kd8 27. Be5
Ne6 28. b4 Nd7 29. Rd1 g6 30. Ne2 Ke8 31. Bh8 Nb6 32. Nc3 a6 33. Nd5 Nc4 34.
Rd3 Kf7 35. g3 Bf8 36. Ne3 Nxe3 37. Rxe3 Bb7 38. Rd3 Ke8 39. Kf2 h5 40. Bf6 Bc6
41. Be5 Be7 42. Ke3 Nf8 43. h3 Bd7 44. g4 hxg4 45. hxg4 Be6 46. Bd6 Nd7 47.
Bxe7 Kxe7 48. Kf4 Nb6 49. Kg5 Nc4 50. f4 Bf7 51. f5 Ne5 52. Rh3 gxf5 53. gxf5
Bc4 54. Kf4 Nd3+ 55. Ke3 Kf6 56. Rh6+ Ke5 57. Rh8 Ne1 58. Re8+ Kf6 59. Rc8 Ke5
60. Re8+ Kf6 61. Kf4 Nd3+ 62. Kg4 Ne5+ 63. Kg3 Nd3 64. Kg2 Ne1+ 65. Kf2 Nc2 66.
Kf3 Ne1+ 67. Ke3 Ng2+ 68. Kd4 Ne1 69. Rf8+ Ke7 70. Ra8 Nc2+ 71. Ke5 Nxa3 72.
Ra7+ Kf8 73. Kf6 Ke8 74. Ra8+ Kd7 75. e5 Bd5 76. e6+ Kc7 77. Rxa6 Nc4 78. Ra7+
Kb6 79. Rh7 Nd6 80. Rh8 Kc7 81. e7 Bf7 82. Rd8 Bh5 83. Ke6 Bf7+ 84. Ke5 Ne8 85.
f6 Kc6 86. Rxe8 Bxe8 87. Ke6 Bd7+ 88. Kf7 1-0

[Event "SR 1. liga zapad 2011/2012"]
[Site "?"]
[Date "2011.12.11"]
[Round "6.2"]
[White "Janko, Zoltan"]
[Black "Martiska, Peter"]
[Result "1-0"]
[WhiteElo "2287"]
[BlackElo "2281"]
[PlyCount "67"]
[EventDate "2011.??.??"]

1. e4 c6 2. d4 d5 3. exd5 cxd5 4. Nf3 Nc6 5. c4 e6 6. Nc3 Nf6 7. c5 Bd7 8. Bb5
Be7 9. O-O O-O 10. Bxc6 Bxc6 11. Ne5 Nd7 12. f4 Nxe5 13. fxe5 f5 14. b4 a6 15.
a4 b6 16. Be3 bxc5 17. dxc5 f4 18. Bd4 Qe8 19. Qd3 Qb8 20. b5 Be8 21. c6 Qc7
22. Rfc1 Bg6 23. Qf3 Bb4 24. Nxd5 exd5 25. Qxd5+ Kh8 26. b6 Qe7 27. Bc5 Bxc5+
28. Qxc5 Qg5 29. b7 Be4 30. Ra2 Rae8 31. Re1 Qg6 32. e6 Qxe6 33. Rae2 Rf5 34.
Rxe4 1-0

[Event "SR 1. liga zapad 2011/2012"]
[Site "?"]
[Date "2011.12.11"]
[Round "6.2"]
[White "Kukel, Imre 1985"]
[Black "Maros, Milan"]
[Result "0-1"]
[WhiteElo "2305"]
[BlackElo "2336"]
[PlyCount "114"]
[EventDate "2011.??.??"]

1. e4 e6 2. d4 d5 3. Nc3 Bb4 4. e5 Ne7 5. Bd2 b6 6. Nf3 Qd7 7. a4 c6 8. Bd3 Ba6
9. Ne2 Bxd2+ 10. Qxd2 Bxd3 11. Qxd3 c5 12. O-O Nbc6 13. Nh4 cxd4 14. f4 Rc8 15.
Rfc1 O-O 16. Nf3 Nf5 17. b3 h6 18. Nexd4 Ncxd4 19. Nxd4 Nxd4 20. Qxd4 Rc5 21.
c3 Rfc8 22. Rc2 Qc7 23. Rac1 a6 24. h3 b5 25. a5 Rc6 26. Qb4 Qa7+ 27. Kh1 Qe3
28. Rf1 Rxc3 29. Rxc3 Qxc3 30. Qe7 Qxa5 31. f5 Qd8 32. Qa3 exf5 33. Qxa6 Qd7
34. Rd1 d4 35. Qd6 Qe6 36. Rxd4 Qxb3 37. Kh2 Qe6 38. Rd5 Qe8 39. Qb4 Rb8 40.
Kh1 Qc6 41. Rd4 Qc1+ 42. Kh2 Qe3 43. Qd6 Re8 44. Rd5 Qf4+ 45. Kh1 b4 46. Qb6
Rc8 47. Rd8+ Rxd8 48. Qxd8+ Kh7 49. Qd5 Qc1+ 50. Kh2 Qf4+ 51. Kh1 Qe4 52. Qxf7
Qxe5 53. Kg1 Qe3+ 54. Kh2 Qd3 55. g4 fxg4 56. hxg4 b3 57. g5 b2 0-1

[Event "SR 1. liga zapad 2011/2012"]
[Site "?"]
[Date "2011.12.11"]
[Round "6.2"]
[White "Ondrus, Martin"]
[Black "Bottyan, Peter"]
[Result "1-0"]
[WhiteElo "2301"]
[BlackElo "2294"]
[PlyCount "70"]
[EventDate "2011.??.??"]

1. e4 e6 2. d4 d5 3. Nd2 Nc6 4. Ngf3 Nf6 5. e5 Nd7 6. Be2 f6 7. exf6 Qxf6 8.
Nf1 Bd6 9. Ne3 O-O 10. O-O Ne7 11. c4 c6 12. b3 Ng6 13. g3 e5 14. cxd5 exd4 15.
Ng4 Qf5 16. Nxd4 Qe4 17. f3 Qe7 18. dxc6 Nde5 19. Nf2 bxc6 20. f4 Bb7 21. Qc2
c5 22. Nf5 Rxf5 23. Qxf5 Nf3+ 24. Bxf3 Bxf3 25. Bd2 Rf8 26. Qd3 Ba8 27. Rfe1
Qb7 28. Qe4 Qb6 29. Qe6+ Kh8 30. Ne4 c4+ 31. Kf1 c3 32. Bxc3 Nxf4 33. Qxd6 Ne6+
34. Ke2 Rf2+ 35. Kd1 Qb5 1-0

[Event "SR 1. liga zapad 2011/2012"]
[Site "?"]
[Date "2011.12.11"]
[Round "6.2"]
[White "Szegi, Tamas"]
[Black "Skreno, Vladimir"]
[Result "1-0"]
[WhiteElo "2246"]
[BlackElo "2178"]
[PlyCount "133"]
[EventDate "2011.??.??"]

1. e4 c5 2. Nf3 Nc6 3. c3 Nf6 4. e5 Nd5 5. d4 cxd4 6. Bc4 e6 7. O-O dxc3 8.
Bxd5 c2 9. Qxc2 Nb4 10. Qe4 Nxd5 11. Rd1 f5 12. exf6 Nxf6 13. Qa4 Bc5 14. Nc3
O-O 15. Bg5 Be7 16. Rd4 d5 17. Ne5 Nd7 18. Bxe7 Qxe7 19. Nf3 Nb6 20. Qc2 Rxf3
21. gxf3 e5 22. Qe2 Bh3 23. Kh1 Rd8 24. Rg1 Qf6 25. Rdd1 Bf5 26. a4 d4 27. Ne4
Qf7 28. Ng3 Bg6 29. h3 Re8 30. Ne4 Qd7 31. Rg3 Nd5 32. Qc4 Rc8 33. Qb3 Kh8 34.
Kh2 Nf4 35. Re1 d3 36. Nd2 Rc2 37. Qb4 h6 38. Rxe5 Rxd2 39. Qxd2 Qf7 40. Rc5
Ne2 41. f4 Nxg3 42. fxg3 Qd7 43. a5 Be4 44. Re5 Qd4 45. b4 a6 46. g4 Qc4 47. g5
h5 48. Kg3 Qd4 49. Kh4 g6 50. Rc5 Kh7 51. Rc7+ Kg8 52. Rc5 Kh7 53. Rc7+ Kg8 54.
Rc1 Kf7 55. Re1 Kf8 56. Kg3 Kf7 57. Qa2+ Bd5 58. Qa1 Qxa1 59. Rxa1 h4+ 60. Kf2
Ke6 61. Ke3 Kf5 62. Rg1 d2 63. Rd1 Bg2 64. Rxd2 Bxh3 65. Rh2 Kg4 66. Rxh3 Kxh3
67. Kf3 1-0

[Event "SR 1. liga zapad 2011/2012"]
[Site "?"]
[Date "2011.12.11"]
[Round "6.2"]
[White "Voros, Gellert"]
[Black "Dlhy, Jozef"]
[Result "1/2-1/2"]
[WhiteElo "1992"]
[BlackElo "2075"]
[PlyCount "101"]
[EventDate "2011.??.??"]

1. e4 c6 2. d4 d5 3. Nd2 dxe4 4. Nxe4 Nd7 5. Be3 Ngf6 6. f3 g6 7. Bd3 Bg7 8.
Qd2 O-O 9. O-O-O e5 10. Ne2 Nxe4 11. fxe4 exd4 12. Nxd4 Ne5 13. Be2 Re8 14. h3
Qc7 15. Bh6 Be6 16. Bxg7 Kxg7 17. Rhf1 f6 18. g4 Qe7 19. Kb1 Rf8 20. Qf4 Bg8
21. h4 Kh8 22. h5 g5 23. Qd2 Rad8 24. Qa5 b6 25. Nf5 Qc7 26. Qc3 Rxd1+ 27. Rxd1
Rd8 28. a3 Rxd1+ 29. Bxd1 Qd7 30. Kc1 Be6 31. Qd2 Qxd2+ 32. Kxd2 Bxf5 33. exf5
Kg7 34. Be2 h6 35. Ke3 Kf7 36. Ke4 Ke7 37. c4 Kd6 38. b4 Nd7 39. Bd1 Nb8 40.
Be2 Nd7 41. Bd1 c5 42. b5 Ne5 43. Be2 Nf7 44. Bd1 Nd8 45. Bc2 Nb7 46. Bd3 Na5
47. Be2 Nb7 48. Bd3 Nd8 49. Bc2 Nf7 50. Bd1 Ne5 51. Be2 1/2-1/2

[Event "SR 1. liga zapad 2011/2012"]
[Site "?"]
[Date "2011.12.11"]
[Round "6.3"]
[White "Bombek, Peter"]
[Black "Pagerka, Martin"]
[Result "1/2-1/2"]
[WhiteElo "2179"]
[BlackElo "2200"]
[PlyCount "80"]
[EventDate "2011.??.??"]

1. d4 Nf6 2. Nf3 e6 3. c4 Bb4+ 4. Bd2 c5 5. Nc3 cxd4 6. Nxd4 Nc6 7. e3 O-O 8.
Be2 d5 9. Qb3 dxc4 10. Qxc4 Nxd4 11. exd4 Qe7 12. O-O Bd7 13. Bg5 Bxc3 14. bxc3
Bc6 15. Qd3 h6 16. Bh4 Rac8 17. Rac1 b5 18. Rfd1 Rfd8 19. Qe3 g5 20. Bg3 Nd5
21. Qd2 Nb6 22. h3 a6 23. c4 bxc4 24. Bxc4 Bxg2 25. Bxa6 Rxc1 26. Rxc1 Bxh3 27.
Bc7 Ra8 28. Bxb6 Rxa6 29. Rc8+ Kg7 30. d5 Rxb6 31. Qc3+ e5 32. Qxh3 Rb1+ 33.
Kg2 Qb7 34. Rc6 f6 35. Qe6 Qf7 36. Qd6 Rb7 37. Qc5 Rd7 38. d6 Qe6 39. Rc7 Qg4+
40. Kf1 Qd1+ 1/2-1/2

[Event "SR 1. liga zapad 2011/2012"]
[Site "?"]
[Date "2011.12.11"]
[Round "6.3"]
[White "Bury, Rastislav"]
[Black "Rakay, Kvetoslav"]
[Result "1/2-1/2"]
[WhiteElo "2173"]
[BlackElo "2022"]
[PlyCount "70"]
[EventDate "2011.??.??"]

1. Nf3 Nf6 2. g3 g6 3. Bg2 Bg7 4. O-O O-O 5. c4 d6 6. d4 Nbd7 7. Nc3 e5 8. e4
c6 9. h3 Qb6 10. dxe5 dxe5 11. Qc2 Re8 12. Be3 Qc7 13. Rfd1 Bf8 14. Na4 b6 15.
a3 Bb7 16. Ne1 Rad8 17. Nd3 Nh5 18. c5 b5 19. Nc3 a5 20. b4 a4 21. Ne2 Bg7 22.
g4 Nhf6 23. g5 Nh5 24. Bf3 Nf4 25. Bg4 Nxe2+ 26. Qxe2 Bc8 27. Ra2 Nf8 28. Rad2
Bxg4 29. Qxg4 Ne6 30. Nc1 Rxd2 31. Rxd2 Rd8 32. Qd1 Rxd2 33. Qxd2 Nd4 34. Bxd4
exd4 35. Nd3 Qd7 1/2-1/2

[Event "SR 1. liga zapad 2011/2012"]
[Site "?"]
[Date "2011.12.11"]
[Round "6.3"]
[White "Diviak, Rastislav"]
[Black "Pupak, Tomas"]
[Result "0-1"]
[WhiteElo "2020"]
[BlackElo "1968"]
[PlyCount "62"]
[EventDate "2011.??.??"]

1. e4 c6 2. d4 d5 3. Nc3 dxe4 4. Nxe4 Bf5 5. Ng3 Bg6 6. h4 h6 7. Nf3 Nd7 8. h5
Bh7 9. Bd3 Bxd3 10. Qxd3 e6 11. Bd2 Ngf6 12. O-O-O Qc7 13. Ne4 O-O-O 14. g3 Nc5
15. Nxc5 Bxc5 16. Bf4 Bd6 17. Bxd6 Rxd6 18. Ne5 Rhd8 19. c3 Rd5 20. Qe2 c5 21.
Qc4 cxd4 22. Qxc7+ Kxc7 23. cxd4 Rxd4 24. Rxd4 Rxd4 25. Nxf7 Rd5 26. Re1 Kd7
27. Ne5+ Kd6 28. Nc4+ Ke7 29. Re3 Rc5 30. Rc3 Nd5 31. Rc2 Nb4 0-1

[Event "SR 1. liga zapad 2011/2012"]
[Site "?"]
[Date "2011.12.11"]
[Round "6.3"]
[White "Gasa, Andrej"]
[Black "Borik, Juraj"]
[Result "1-0"]
[WhiteElo "2257"]
[BlackElo "2198"]
[PlyCount "127"]
[EventDate "2011.??.??"]

1. e4 c5 2. Nf3 Nc6 3. d4 cxd4 4. Nxd4 Qb6 5. Nb3 Nf6 6. Nc3 e6 7. a3 Be7 8.
Be2 Qc7 9. O-O a6 10. f4 d6 11. Bf3 O-O 12. a4 Nd7 13. Be3 b6 14. Qd2 Bb7 15.
Kh1 Nc5 16. Nd4 Bf6 17. Rad1 Rfd8 18. Qf2 Nxd4 19. Bxd4 e5 20. fxe5 Bxe5 21.
Nd5 Bxd5 22. exd5 Bxd4 23. Rxd4 Nd7 24. Be4 Ne5 25. c3 Re8 26. Bc2 g6 27. Rh4
f5 28. h3 Rf8 29. Re1 a5 30. Rd4 Rae8 31. Bd3 Qc5 32. Bb5 Re7 33. Qh4 Rff7 34.
Rc4 Qxd5 35. Rc8+ Kg7 36. Bc4 Qd2 37. Re2 Qc1+ 38. Kh2 g5 39. Qd4 Rf6 40. Rg8+
Kh6 41. Rd8 g4 42. Rxd6 g3+ 43. Kxg3 Qg5+ 44. Kh2 f4 45. Rxf6+ Qxf6 46. Rf2 f3
47. Bd5 Qd6 48. Qf4+ Kg7 49. Bxf3 Re6 50. Qd4 Kf8 51. Qxd6+ Rxd6 52. Be4+ Kg7
53. b3 h6 54. Rf5 Re6 55. Bf3 Nd3 56. Rd5 Nc5 57. Bd1 Ne4 58. Rd3 Kf6 59. b4
Rc6 60. Bf3 Rc4 61. Bxe4 Rxe4 62. Rd6+ Kg7 63. Rxb6 Rc4 64. Rb5 1-0

[Event "SR 1. liga zapad 2011/2012"]
[Site "?"]
[Date "2011.12.11"]
[Round "6.3"]
[White "Krajcovic, Alojz"]
[Black "Pericka, Tomas"]
[Result "0-1"]
[WhiteElo "1998"]
[BlackElo "2008"]
[PlyCount "62"]
[EventDate "2011.??.??"]

1. e4 c5 2. Nf3 Nc6 3. d4 cxd4 4. Nxd4 g6 5. Nc3 Bg7 6. Be3 Nf6 7. Be2 O-O 8.
O-O d5 9. exd5 Nb4 10. Bf3 Nbxd5 11. Nxd5 Nxd5 12. Bg5 h6 13. Bc1 Nc7 14. c3 e5
15. Nb3 Qe7 16. Be3 Rd8 17. Qc1 Kh7 18. Re1 Ne6 19. Qc2 Ng5 20. Bxg5 Qxg5 21.
Rad1 Rxd1 22. Qxd1 f5 23. Qc1 Qf6 24. Qd2 e4 25. Be2 Be6 26. Rd1 f4 27. Qd6 f3
28. Bf1 Rf8 29. g3 e3 30. Bb5 e2 31. Re1 Rd8 0-1

[Event "SR 1. liga zapad 2011/2012"]
[Site "?"]
[Date "2011.12.11"]
[Round "6.3"]
[White "Meszaros, Michal"]
[Black "Srvatka, Igor"]
[Result "1/2-1/2"]
[WhiteElo "2377"]
[BlackElo "2226"]
[PlyCount "120"]
[EventDate "2011.??.??"]

1. e4 c6 2. d4 d5 3. e5 Bf5 4. Nf3 e6 5. Be2 Nd7 6. Nbd2 Ne7 7. Nb3 Qc7 8. Be3
Bg4 9. h3 Bxf3 10. Bxf3 Nf5 11. O-O c5 12. c3 Be7 13. Bf4 a5 14. a4 O-O 15. Be2
Qb6 16. Bb5 Nb8 17. g4 Nh4 18. dxc5 Bxc5 19. Nxc5 Qxc5 20. Be3 Qc7 21. f4 Nc6
22. Qe1 Ng6 23. Bc5 Rfd8 24. Qf2 Rd7 25. Rae1 Rc8 26. Kh1 Qd8 27. Bb6 Qe7 28.
Bc5 Qd8 29. Bb6 Qe7 30. Bd4 Rdd8 31. Bc5 Qe8 32. Re2 Rd7 33. Rfe1 Qd8 34. Bb6
Qe7 35. Bc5 Qh4 36. Qxh4 Nxh4 37. Bb6 Ra8 38. Rf1 Re7 39. Bc5 Ree8 40. Kh2 Ng6
41. Kg3 Nf8 42. Bd6 Nd7 43. Rd1 Rec8 44. f5 b6 45. fxe6 fxe6 46. c4 dxc4 47.
Bxc4 Nd8 48. b3 b5 49. Bxb5 Nb6 50. Rd3 Nf7 51. h4 h6 52. Rf2 Rc1 53. Rdf3 Nxd6
54. exd6 Rd1 55. Bd3 Rd8 56. h5 e5 57. Kg2 Nd7 58. Rf1 Rd2+ 59. R1f2 Rd1 60.
Rf1 Rd2+ 1/2-1/2

[Event "SR 1. liga zapad 2011/2012"]
[Site "?"]
[Date "2011.12.11"]
[Round "6.3"]
[White "Orgon, Dusan"]
[Black "Polasek, Filip"]
[Result "1/2-1/2"]
[WhiteElo "2107"]
[BlackElo "2123"]
[PlyCount "118"]
[EventDate "2011.??.??"]

1. d4 d5 2. Bg5 Nf6 3. Bxf6 exf6 4. e3 Be7 5. c4 O-O 6. Nc3 dxc4 7. Bxc4 Nd7 8.
Nge2 Nb6 9. Bd3 c6 10. O-O Be6 11. Qc2 g6 12. Rfd1 f5 13. Rab1 Nd5 14. Nxd5
Bxd5 15. Nc3 Be6 16. Be2 Bf6 17. Bf3 Rc8 18. b4 a6 19. a4 b5 20. a5 Qc7 21. g3
Rfd8 22. Rdc1 Qd7 23. Bg2 Bc4 24. Na4 Rb8 25. Nc5 Qc8 26. Rd1 Be7 27. Rb2 Bxc5
28. dxc5 Qe6 29. Qc1 Bb3 30. Rxd8+ Rxd8 31. Rd2 Rd7 32. Qc3 Bc4 33. Rd4 Kf8 34.
Qd2 Ke7 35. f4 f6 36. Kf2 Rxd4 37. Qxd4 Qd7 38. Qxd7+ Kxd7 39. e4 fxe4 40. Bxe4
Bf7 41. Ke3 h6 42. Kd4 Be8 43. h4 Ke7 44. g4 Bd7 45. g5 hxg5 46. hxg5 Be8 47.
Bg2 Bd7 48. Bf3 Kf7 49. Be4 f5 50. Bc2 Be6 51. Bd3 Ke7 52. Be2 Bd7 53. Ke5 Be8
54. Bd3 Bd7 55. Bb1 Be6 56. Bd3 Bd7 57. Bf1 Be6 58. Bg2 Bd7 59. Bf3 Be8 1/2-1/2

[Event "SR 1. liga zapad 2011/2012"]
[Site "?"]
[Date "2011.12.11"]
[Round "6.3"]
[White "Podoba, Milan"]
[Black "Cajka, Tibor"]
[Result "0-1"]
[WhiteElo "2157"]
[BlackElo "2140"]
[PlyCount "56"]
[EventDate "2011.??.??"]

1. e4 c5 2. Nf3 d6 3. d4 cxd4 4. Nxd4 Nf6 5. Nc3 a6 6. Bc4 e6 7. Bb3 Be7 8. g4
Qa5 9. f3 Nfd7 10. h4 Nc5 11. Be3 Nc6 12. g5 Bd7 13. Qd2 Nxb3 14. Nxb3 Qc7 15.
O-O-O Ne5 16. Qe2 b5 17. Bd4 b4 18. Bxe5 dxe5 19. Nb1 Bb5 20. Qg2 Rc8 21. Rd2
a5 22. Rhd1 a4 23. Na1 Bc5 24. Re1 Bd4 25. c3 a3 26. Nb3 axb2+ 27. Rxb2 bxc3
28. Rc2 Bd3 0-1